| 000 | 01124cam a2200325 a 4500 | ||
|---|---|---|---|
| 999 |
_c5555 _d5555 |
||
| 001 | 5555 | ||
| 003 | BD-JhCC | ||
| 005 | 20171218102616.0 | ||
| 008 | 820412s1982 caua b 001 0 eng | ||
| 020 | _a0803907869 | ||
| 020 | _a0803907877 (pbk.) | ||
| 035 | _a(BD-JhCC)5555 | ||
| 040 |
_aDLC _cDLC _dDLC _dOCoLC _dDLC |
||
| 041 | _aeng | ||
| 050 | 0 | 0 |
_aHD9502.U52 _bE446 1982 |
| 082 | 0 | 0 |
_a333.79 _219 _bENE 1982 |
| 245 | 0 | 0 |
_aEnergy and transport : _bhistorical perspectives on policy issues / _cedited by George H. Daniels, Mark H. Rose. |
| 260 |
_aBeverly Hills : _bSage Publications, _cc1982. |
||
| 300 |
_a287 p. : _bill. ; _c22 cm. |
||
| 490 | 0 |
_aSage focus editions ; _v52 |
|
| 504 | _aIncludes bibliographical references and index. | ||
| 650 | 0 |
_aEnergy policy _zUnited States _xHistory. |
|
| 650 | 0 |
_aEnergy consumption _zUnited States _xHistory. |
|
| 650 | 0 |
_aTransportation _zUnited States _xHistory. |
|
| 700 | 1 | _aDaniels, George H. | |
| 700 | 1 |
_aRose, Mark H., _d1942- |
|
| 856 | 4 | 2 |
_3Publisher description _uhttp://www.loc.gov/catdir/enhancements/fy0660/82005642-d.html |
| 942 |
_2ddc _cBK |
||